[Event "Norm Congress-IM 2019"]
[Site "Saint Louis"]
[Date "2019.05.19"]
[Round "7.2"]
[White "Rosen, Eric"]
[Black "Giannatos, Peter"]
[Result "1-0"]
[WhiteElo "2338"]
[BlackElo "2290"]
[Annotator "TA"]
[PlyCount "51"]
[EventDate "2019.05.16"]
[EventType "tourn"]
[EventCountry "USA"]
[SourceTitle "playchess.com"]
[Source "ChessBase"]
[SourceQuality "1"]

{[%evp 14,51,26,-6,-13,-29,-31,-20,-18,-22,0,0,0,14,0,0,31,26,40,0,97,94,91,54,105,114,114,24,194,198,369,374,547,545,527,522,29990,29991,29991,29992]} 1. d4 d5 2. c4 e6 3. Nc3 Be7 4. cxd5 exd5 5. Bf4 c6 6. Qc2 Nf6 7. e3 Nbd7 8. Nf3 Nh5 {D35: Queen's Gambit Declined: Exchange Variation} 9. Bg3 Nxg3 10. hxg3 Nf6 {The position is equal.} 11. O-O-O $146 ({Predecessor:} 11. Bd3 h6 12. O-O-O Be6 13. Kb1 Qa5 14. Ne5 Ng4 15. Nxg4 Bxg4 {½-½ (102) Piket,J (2640)-Timman,J (2635) Wijk aan Zee 1995}) 11... Bg4 12. Bd3 {[%cal Rd3h7]} h6 13. Kb1 O-O 14. Rc1 c5 15. Ne5 Be6 16. f4 Ng4 (16... c4 $11 17. Be2 b5) 17. Nxg4 $16 Bxg4 18. Bf5 (18. Bh7+ {is interesting.} Kh8 19. Bf5 cxd4 20. exd4 Bxf5 21. Qxf5 Qd6 22. g4) 18... Bxf5 ({Black should play} 18... cxd4 $14 19. exd4 (19. Bxg4 dxc3 20. Qxc3 Qb6 $11) 19... Bxf5 20. Qxf5 Qd6) 19. Qxf5 cxd4 20. exd4 (20. Nxd5 $16 {And now Rc7 would win.} Qd6 21. e4 (21. exd4 Rad8 $14)) 20... Bf6 $2 (20... Qd6 $11) 21. Nxd5 $18 Bxd4 $2 (21... Qd6 {is a better defense.} 22. Nxf6+ (22. Rxh6 gxh6 23. Nxf6+ Kg7 $11) 22... Qxf6 23. Qxf6 gxf6 24. Rxh6 Kg7) 22. Rcd1 Bc5 {[#]} (22... Bxb2 {was worth a try.} 23. Kxb2 Qd6) 23. Rxh6 $1 {[%mdl 576] Deflection} gxh6 24. Nf6+ {[%mdl 64] Discovered Attack} Kg7 {[%cal Rd8d1]} 25. Nh5+ Kg8 26. Qg4+ {Accuracy: White = 65%, Black = 27%.} 1-0

[Event "Norm Congress-IM 2019"]
[Site "Saint Louis"]
[Date "2019.05.19"]
[Round "7.3"]
[White "Jacobson, Aaron"]
[Black "Grabinsky, Aaron"]
[Result "1/2-1/2"]
[WhiteElo "2311"]
[BlackElo "2338"]
[Annotator "TA"]
[PlyCount "153"]
[EventDate "2019.05.16"]
[EventType "tourn"]
[EventCountry "USA"]
[SourceTitle "playchess.com"]
[Source "ChessBase"]
[SourceQuality "1"]

{[%evp 10,153,35,29,34,20,59,22,28,-9,29,-24,-24,-29,-25,-20,-14,-12,-19,-34,0,-17,6,-24,0,-28,-28,-29,-24,-28,-28,-63,-63,-63,-65,-77,-16,-19,-19,-16,-11,-24,-26,-20,0,0,0,0,0,-8,0,0,0,-11,0,-20,0,0,0,0,0,0,0,0,0,-41,-37,-62,-62,-87,-28,-69,-65,-267,-237,-172,-117,-518,-518,-495,-493,-998,-955,-1382,-1135,-1045,-776,-748,-725,-1375,-1365,-1300,-736,-5633,-5626,-2263,-421,-308,-308,-308,-308,-308,-308,-308,-308,-308,-308,-308,-130,-135,-143,-132,-39,-308,-308,-308,-308,-371,-325,-308,-8,-387,-406,-402,-364,-343,-176,-189,-131,-130,-138,-297,0,0,0,0,0,0,0,0,0,0,0,0,0,0]} 1. e4 c6 2. d4 d5 3. e5 Bf5 4. Nf3 e6 5. Be2 Ne7 6. O-O Ng6 {B12: Caro-Kann: Advance Variation} (6... Bg6 7. Nbd2 Nf5 8. a4 Nd7 9. a5 h5 10. c3 Be7 11. Ne1 c5 12. Ndf3 a6 13. Nd3 h4 14. b4 cxd4 15. cxd4 {1-0 (41) Harikrishna,P (2725)-Tomashevsky,E (2705) St Petersburg 2018}) 7. a4 Nd7 8. a5 (8. Ne1 $5 {[%cal Rg2g4]}) 8... a6 $146 ({Predecessor:} 8... b5 9. Ne1 h5 10. Bd3 Bxd3 11. Nxd3 c5 12. c3 c4 13. Nf4 Nxf4 14. Bxf4 Qh4 {½-½ (31) Wiesner,M (2323)-Kreindl,H (2254) ICCF email 2011}) 9. Nbd2 f6 {[%cal Rf6e5]} 10. exf6 (10. Ne1 $142 $1) 10... Qxf6 $11 11. Nb3 Bd6 12. Bg5 Qf7 13. Nh4 O-O 14. Bh5 h6 15. Nxf5 Qxf5 16. Be3 Rae8 17. f4 (17. g3 {keeps more tension.} Nh4 18. f4 g6 19. Bg4 Qe4 20. Qe2) 17... Nf6 18. Bxg6 $1 Qxg6 19. Qd3 Qh5 20. Rf3 Ng4 21. h3 Nxe3 22. Qxe3 Qf5 ({Black should play} 22... g5 $1 $17 {[%cal Rd6f4]} 23. fxg5 Rxf3 24. Qxf3 Qxf3 25. gxf3 hxg5) 23. Qf2 $1 g5 24. fxg5 Qxg5 25. Re1 Rxf3 26. Qxf3 Qh4 27. Rf1 {White wants to mate with Qf7+.} Rf8 28. Qe2 Rxf1+ 29. Qxf1 Qe4 30. Qf2 Kg7 31. Kf1 Kg6 (31... Qg6 {looks sharper.} 32. Qe2 h5 33. Ke1 Qf5 34. Kd1 Kg6) 32. Qe2 Qxe2+ (32... Qf4+ {is more complex.} 33. Ke1 Kf6 34. Kd1 h5 35. c3 Qf5) 33. Kxe2 {[%mdl 4096] Endgame KB-KN} Kf5 34. Kf3 e5 35. g4+ Kf6 36. dxe5+ Kxe5 37. c3 c5 38. h4 Be7 39. h5 Kd6 (39... c4 $1 $17 {[%cal Rc4b3]} 40. Nd4 Bg5) 40. Kf4 Bg5+ 41. Kf5 $2 (41. Kg3 $15) 41... Be3 $19 42. Na1 Bc1 43. b4 $2 {[%mdl 8192]} (43. b3 $17 {nothing else works.}) 43... c4 $1 44. Nc2 {If only White now had time for Nd4....} Bd2 45. Kg6 (45. g5 $142 Bxg5 46. Nd4) 45... Ke5 46. Na3 Ke4 47. b5 Kd3 48. bxa6 bxa6 49. Nb5 Be3 50. Nc7 d4 51. Nxa6 Kxc3 52. Nc7 Kd2 (52... Kb3 $142 53. Nd5 Bf2) 53. Nd5 {intending a6.} c3 54. a6 c2 55. a7 c1=Q 56. a8=Q Qc2+ 57. Kg7 Bg5 $1 58. Qf8 Ke1 (58... d3 $1 $19 {White must now prevent ...Qc4.} 59. Qf2+ Kc1 60. Qg1+ Kb2 61. Qb6+ Qb3 62. Qd4+ Kb1) 59. Qb4+ $17 Qd2 60. Qb1+ Kf2 (60... Ke2 $1 $17 {aiming for ...d3.} 61. Qh1 Kf2 62. Qh2+ Kf3 $1 {[%mdl 512]} 63. Qh3+ Ke4 64. Qh1+ Ke5) 61. Qb3 $2 {[%mdl 8192]} ({Only move:} 61. Nb4 $1 $15) 61... Qe2 $19 62. Nb4 Qxg4 {And now ...Bd2+ would win.} 63. Qf7+ Kg3 64. Nd3 Kh4 $2 (64... Qe4 $19 65. Qf1 Kh4) 65. Kh7 $2 {[%mdl 8192]} (65. Ne5 $1 $11 {and White stays safe.} Qe4 66. Qf2+ Kxh5 67. Qf7+ Kh4 68. Qf2+ Kh3 69. Qf1+ Kg3 70. Qg1+ Kf4 71. Ng6+ Kf5 72. Qf1+ Kg4 73. Qg1+ Kh3 74. Qf1+ Kg3 75. Qg1+ Kh3 76. Qf1+ Kh2 77. Qf2+ Kh3 78. Qf1+) 65... Qe4+ 66. Qg6 Qe7+ 67. Kg8 Kg4 (67... Qd8+ $142 68. Kg7 Qe7+ 69. Kg8 Be3) 68. Nf2+ Kf3 (68... Kg3 $19 69. Qf5 Be3 70. Ne4+ Kh4) 69. Qf5+ $17 Ke2 70. Qc2+ $2 (70. Ne4 $17) 70... Kf1 $2 (70... Ke3 $19 {Threatens to win with ...Qe6+.} 71. Nd1+ Kf4 72. Qh2+ Kf5 73. Qf2+ Ke5 74. Qe2+ {[#]} Be3 $1 {[%mdl 512]}) 71. Ne4 $11 {[%csl Ge4][%cal Rc2f2] The position is equal.} Qe6+ 72. Kg7 {[%csl Ge4][%cal Rc2f2]} Qe5+ 73. Kg6 {[%csl Ge4][%cal Rc2f2]} Be3 {Strongly threatening ...Qe8+.} 74. Qd1+ Kg2 75. Qg4+ Kh1 (75... Kf1 $5) 76. Qh3+ Kg1 77. Qg4+ {Accuracy: White = 36%, Black = 55%.} 1/2-1/2

[Event "Norm Congress-IM 2019"]
[Site "Saint Louis"]
[Date "2019.05.19"]
[Round "7.4"]
[White "Wu, Rochelle"]
[Black "Torres Rosas, Luis Carlos"]
[Result "1/2-1/2"]
[WhiteElo "2174"]
[BlackElo "2320"]
[Annotator "TA"]
[PlyCount "96"]
[EventDate "2019.05.16"]
[EventType "tourn"]
[EventCountry "USA"]
[SourceTitle "playchess.com"]
[Source "ChessBase"]
[SourceQuality "1"]

{[%evp 17,96,16,19,0,66,31,77,-72,-70,-56,-56,-89,0,15,22,21,26,0,13,19,19,31,49,0,0,-16,0,-40,-25,-34,-34,-66,-11,-35,-27,-35,8,9,60,11,16,11,43,-96,-97,-97,-104,-97,-16,-16,-12,-163,0,0,0,0,0,0,0,0,0,0,0,0,0,0,0,0,0,0,0,0,0,0,0,0,0,0,0,0,0]} 1. d4 Nf6 2. c4 g6 3. f3 Bg7 4. e4 d6 5. Nc3 O-O 6. Be3 Nc6 7. Nge2 a6 8. d5 Na5 9. Ng3 c5 $1 10. Be2 {E83: King's Indian: Sämisch Panno (6...Nc6): Lines without either Nge2 or Qd2} Nd7 (10... Bd7 $11) 11. Qc2 (11. Rc1 b5 12. cxb5 axb5 13. Bxb5 Ne5 14. O-O Nac4 15. Bg5 Bd7 16. Bxd7 Qxd7 17. Qe2 Nxb2 18. Qxb2 {1-0 (55) Svidler,P (2747)-Radjabov,T (2793) London 2013}) 11... Ne5 12. Nd1 $146 (12. b3 $16 {is necessary to keep the advantage.}) ({Predecessor:} 12. b3 Qe8 13. O-O f5 14. f4 Ng4 15. Bxg4 fxg4 16. Rac1 b5 17. Qd3 Rb8 {0-1 (62) Skacelik,P (2265)-Mrva,M (2415) Pardubice 1998}) 12... b5 $1 $17 13. cxb5 axb5 14. Bxb5 {[#]} Ba6 ({Better is} 14... Qb6 $1 $17 {[%cal Rb6b5]} 15. a4 Ba6) 15. Bxa6 $11 Rxa6 16. O-O Qa8 17. Nc3 Rb8 18. Rab1 Nac4 19. Bc1 Nb6 20. Nge2 (20. b3 {seems wilder.} c4 21. Be3 Nd3 22. bxc4 Ne5 23. c5) 20... Na4 21. Nxa4 Rxa4 22. Nc3 Rab4 23. b3 $1 c4 24. Bd2 Qa6 (24... Rc8 $15) 25. Nd1 cxb3 26. axb3 R4b7 27. Nf2 Rb5 (27... Qb6 $11) 28. b4 Rc8 $1 {[%cal Rc8c2]} 29. Qb3 Nc4 30. Bc3 {[#]} (30. Bf4 $14 {keeps the upper hand.}) 30... Na5 $1 $17 {[%cal Ra5b3][%mdl 64] Pin} 31. Qa4 {[%mdl 64] Strongly threatening Bxg7. Pin} Bxc3 32. bxa5 Rxb1 (32... Rxa5 $17 33. Qd1 Ra3) 33. Rxb1 $11 Qxa5 34. Qd7 $2 (34. Qxa5 $11 {and White has nothing to worry.} Bxa5 35. Nd3) 34... Qc7 $2 ({Black should try} 34... Ra8 $19 {White must now prevent ...Bd4.} 35. Qb7 Bd4) 35. Qxc7 {The position is equal.} Rxc7 {[%mdl 4096] Endgame KRB-KRN} 36. Rc1 Ba5 37. Rxc7 Bxc7 {KB-KN} 38. Nd3 Bb6+ 39. Kf1 Kf8 40. Ke2 Ke8 41. Nb4 Kd7 42. Kd3 Bg1 43. h3 Bc5 44. Na6 Ba3 45. Nb8+ Kc7 (45... Kc8 $5 46. Nc6 $8 e6 $11) 46. Nc6 Kd7 47. Kc4 Bc1 48. Kb5 Be3 {Accuracy: White = 38%, Black = 52%.} 1/2-1/2

[Event "Norm Congress-IM 2019"]
[Site "Saint Louis"]
[Date "2019.05.19"]
[Round "7.5"]
[White "Gauri, Shankar"]
[Black "Ezra Paul Chambers"]
[Result "1-0"]
[WhiteElo "2375"]
[BlackElo "2241"]
[Annotator "TA"]
[PlyCount "43"]
[EventDate "2019.05.16"]
[EventType "tourn"]
[EventCountry "USA"]
[SourceTitle "playchess.com"]
[Source "ChessBase"]
[SourceQuality "1"]

{[%evp 16,43,40,24,29,31,43,32,36,41,25,37,70,-18,0,-20,-17,-35,-30,-17,27,18,22,23,461,462,758,485,512,0]} 1. Nf3 Nf6 2. c4 c6 3. Nc3 d5 4. e3 e6 5. b3 Nbd7 6. Qc2 a6 7. d4 Bd6 8. Bd3 O-O 9. O-O e5 {[#] And now ...e4 would win. D46: Semi-Slav: 5 e3 Nbd7 6 Bd3, Black avoids the Meran} 10. cxd5 cxd5 {White must now prevent ...e4.} 11. e4 exd4 {White is slightly better.} (11... Qc7 12. Nxd5 Nxd5 13. exd5 Qxc2 14. Bxc2 exd4 15. Bb2 Nf6 16. Nxd4 Be5 17. Rad1 {0-1 (30) Wang,Y (2721)-Bu,X (2712) Zaozhuang 2015}) 12. Nxd5 Nxd5 13. exd5 {aiming for Bg5.} Nf6 {[#]} 14. Bg5 $146 (14. Bb2 $14) ({Predecessor:} 14. h3 Qc7 15. Rd1 Qxc2 16. Bxc2 Bb4 17. Rb1 Rd8 18. Bg5 Rxd5 19. Bxf6 gxf6 20. Rxd4 Rxd4 {½-½ (20) Sadowski,M (2553)-Millstone,M (2479) ICCF email 2009}) 14... h6 $11 15. Bh4 Bg4 16. Be2 Bxf3 17. Bxf3 Bb4 (17... g5 $5 {[%cal Rg5h4]} 18. Bg3 Bxg3 19. hxg3 Re8 $11) 18. Rad1 Bc3 19. d6 Qxd6 $2 {[%mdl 8192] [#]} (19... Rb8 $11) 20. Qxc3 $1 $18 {[%mdl 576] Pin. White is clearly winning.} Ra7 (20... Qxh2+ $142 21. Kxh2 dxc3) (20... dxc3 21. Rxd6) 21. Qc2 Raa8 22. Qc3 $2 {[%mdl 32768] Accuracy: White = 26%, Black = 40%. . Loss on time!?} ({White should try} 22. Bxb7 $18 Rad8 23. Qc4) 1-0

[Event "Norm Congress-IM 2019"]
[Site "Saint Louis"]
[Date "2019.05.20"]
[Round "8.1"]
[White "Kiewra, Keaton"]
[Black "Ezra Paul Chambers"]
[Result "1/2-1/2"]
[WhiteElo "2375"]
[BlackElo "2241"]
[Annotator "TA"]
[PlyCount "44"]
[EventDate "2019.05.16"]
[EventType "tourn"]
[EventCountry "USA"]
[SourceTitle "playchess.com"]
[Source "ChessBase"]
[SourceQuality "1"]

{[%evp 12,44,39,34,37,17,40,34,47,42,40,40,44,40,43,36,41,23,34,20,25,-9,-11,-11,0,-7,0,-26,-26,-20,-10,-6,-6,-29,-29]} 1. Nf3 d5 2. e3 Nf6 3. c4 c6 4. Nc3 a6 5. d4 e6 6. Bd3 Nbd7 7. e4 dxe4 {D46: Semi-Slav: 5 e3 Nbd7 6 Bd3, Black avoids the Meran} (7... dxc4 8. Bxc4 b5 9. Bb3 b4 10. e5 bxc3 11. exf6 cxb2 12. fxg7 Bxg7 13. Bxb2 c5 14. O-O Bb7 15. Rb1 cxd4 16. Nxd4 {1-0 (52) Kozul,Z (2583)-Solak,D (2630) Neum 2008}) 8. Nxe4 Bb4+ 9. Bd2 Bxd2+ {White is slightly better.} 10. Qxd2 O-O 11. O-O Nxe4 12. Bxe4 Qc7 $146 ({Predecessor:} 12... Qf6 13. Rfe1 c5 14. d5 Nb6 15. Qc2 {0-1 (39) Horton,J (2140)-Franklin,M (2215) Sunningdale 2007}) 13. Qc2 h6 14. Rfe1 c5 15. dxc5 Nxc5 16. Ne5 Nxe4 17. Qxe4 Bd7 18. Rad1 Rad8 19. Rd4 Ba4 20. b3 {[#] Strongly threatening Rxd8.} Rxd4 21. Qxd4 Rd8 22. Qe4 Be8 {Accuracy: White = 54%, Black = 68%.} 1/2-1/2

[Event "Norm Congress-IM 2019"]
[Site "Saint Louis"]
[Date "2019.05.20"]
[Round "8.2"]
[White "Torres Rosas, Luis Carlos"]
[Black "Gauri, Shankar"]
[Result "1/2-1/2"]
[WhiteElo "2320"]
[BlackElo "2375"]
[Annotator "TA"]
[PlyCount "58"]
[EventDate "2019.05.16"]
[EventType "tourn"]
[EventCountry "USA"]
[SourceTitle "playchess.com"]
[Source "ChessBase"]
[SourceQuality "1"]

{[%evp 13,58,0,0,0,0,-15,2,8,8,0,0,0,13,0,10,0,16,9,21,6,13,12,19,0,19,-9,25,22,24,14,17,0,60,26,25,13,105,0,3,10,3,0,0,0,0,-81,-65]} 1. d4 Nf6 2. c4 e6 3. Nf3 b6 4. a3 Bb7 5. Nc3 d5 6. Bg5 Be7 7. Qa4+ c6 8. cxd5 {E12: Queen's Indian: Unusual White 4th moves, 4 a3, 4 Nc3 Bb7 5 a3 and 4 Nc3 Bb7} Nxd5 9. Bxe7 Qxe7 10. Nxd5 {The position is equal.} exd5 11. e3 O-O 12. Be2 (12. Rc1 c5 13. Be2 Nd7 14. O-O Rfd8 15. Rfd1 a5 {1-0 (34) Mamedyarov,S (2817)-Korobov,A (2698) St Petersburg 2018}) 12... Nd7 13. O-O a5 14. Rac1 Rfe8 $146 ({Predecessor:} 14... f5 15. Rfe1 Qf6 16. g3 g5 17. Qc2 f4 18. exf4 gxf4 19. Qd2 Rae8 {1-0 (31) Finy,M (1889)-Toronyi,D (2064) Hungary 2010}) 15. Rfe1 Qd6 16. Bd3 g6 17. Nd2 Re6 18. g3 Kg7 19. Nf3 Rae8 20. Qb3 Ra8 21. h4 Rf6 22. Ng5 a4 (22... c5 $11 23. Bb5 Rc8) 23. Qc3 {Black must now prevent e4.} (23. Qd1 $5 {[%cal Re3e4]}) 23... c5 $1 24. Bb5 Bc6 {[#]} (24... h6 $11 {keeps the balance.}) 25. e4 (25. Bxc6 $1 $16 Qxc6 26. e4) 25... Bxb5 $11 26. e5 {[%mdl 64] Double Attack} cxd4 27. exf6+ Qxf6 28. Qb4 Bc4 $1 29. Qe7 (29. Re7 $11 Ne5 30. Rxe5 Qxe5 31. Re1) 29... Nc5 {Accuracy: White = 49%, Black = 40%.} 1/2-1/2

[Event "Norm Congress-IM 2019"]
[Site "Saint Louis"]
[Date "2019.05.20"]
[Round "8.3"]
[White "Grabinsky, Aaron"]
[Black "Wu, Rochelle"]
[Result "0-1"]
[WhiteElo "2338"]
[BlackElo "2174"]
[Annotator "TA"]
[PlyCount "138"]
[EventDate "2019.05.16"]
[EventType "tourn"]
[EventCountry "USA"]
[SourceTitle "playchess.com"]
[Source "ChessBase"]
[SourceQuality "1"]

{[%evp 14,138,38,34,47,38,43,36,43,23,39,41,64,47,93,96,96,97,87,100,111,58,118,115,132,132,131,118,125,107,107,98,104,100,103,103,104,101,111,106,105,104,104,95,95,92,100,100,109,108,119,105,112,112,112,111,120,116,115,103,108,34,39,0,29,26,38,8,8,8,8,0,0,2,0,0,0,0,0,0,0,0,0,0,0,-7,0,0,0,-9,-9,-498,-509,-459,-418,-1479,-1470,-1033,-1111,-918,-916,-466,-436,-237,-71,-29962,-29964,-29965,-29966,-29966,-12846,-12841,-12788,-191,-151,-151,-151,-29971,-8,-8,0,-29971,-29972,-29974,-29974,-29974,-29974]} 1. e3 d5 2. c4 c6 3. Qc2 Nf6 4. Nf3 g6 5. b3 Bg7 6. Bb2 O-O 7. Be2 Nbd7 8. O-O Re8 {A12: English Opening: 1...c6 with b3 by White} 9. d4 (9. cxd5 cxd5 10. Rc1 a6 11. a4 Nf8 12. b4 {½-½ (34) Kurajica,B (2522)-Jovanic,O (2515) Bjelovar 2019}) 9... Ne4 10. Nc3 Ndf6 {White is slightly better.} 11. Bd3 {[%cal Rc3e4]} Nxc3 12. Bxc3 Nd7 13. Rad1 $146 ({Predecessor:} 13. Rac1 e5 14. cxd5 cxd5 15. Bb5 e4 16. Ne5 a6 17. Bxd7 Bxd7 {½-½ (29) Van Scheltinga,T (2325)-Van der Veen,J Eindhoven 1983}) 13... e5 14. dxe5 Nxe5 15. Bxe5 Bxe5 16. cxd5 Bg4 17. Be2 (17. Be4 $16 c5 18. h3 (18. Qxc5 Bd6 $11) 18... Bxf3 19. Bxf3) 17... Bxf3 ({Better is} 17... cxd5 $14 18. Qc5 (18. Nxe5 Bxe2 19. Qxe2 Rxe5 $14) 18... Qb8) 18. Bxf3 $16 Qh4 {[%csl Ge5][%cal Rh4h2]} 19. g3 Qf6 20. Kg2 {[%cal Rd5c6]} cxd5 21. Rxd5 Rac8 22. Qd2 Rc7 23. Rd7 Re7 24. Rd8+ Kg7 25. Rd1 Qe6 26. Bd5 Qb6 27. Bc4 Bf6 28. Kg1 Qc6 29. Rd6 Qc5 30. Qe2 Be5 31. R6d5 Qb6 32. Kg2 Qc6 33. e4 a6 34. a4 Rcd7 35. f4 Bc7 36. Qb2+ f6 37. Qa3 ({White should play} 37. Qd2 $16 {[%cal Rd5d7]} Rd6 38. Qd3 (38. Rxd6 Qxe4+ 39. Kh3 Bxd6 $11)) 37... Bd6 $1 $14 {[%cal Rd6a3]} 38. Qb2 Rxe4 39. Kh3 {Hoping for Qd2.} Rd8 40. Qd2 {[%cal Rd5d6]} Bb4 41. Qd3 ({Don't blunder} 41. Qxb4 $2 Rxd5 42. Rxd5 Qxd5 $19) 41... Rxd5 42. Bxd5 Qc8+ 43. Kg2 Re7 44. Rf1 Qc5 45. f5 Re3 46. Qd1 Qc7 47. fxg6 hxg6 48. Qd4 Re2+ 49. Kh1 Bc3 50. Qg4 Re5 51. Be4 f5 $40 {[%mdl 128] Black has some attack.} 52. Rxf5 $2 {[%mdl 8192] [#]} (52. Qf4 $11 {and White has nothing to worry.}) 52... Rxe4 $1 $19 {[%mdl 512]} 53. Qxe4 {Rg5! is the strong threat.} gxf5 54. Qxf5 (54. Qf3 $142 Qc8 55. Kg2) 54... Qc6+ 55. Kg1 Bd4+ 56. Kf1 Qf6 $1 {[%cal Rf6f5]} 57. Qxf6+ Kxf6 {[%mdl 4096] Endgame KB-KP} 58. Ke2 (58. Ke1 {keeps fighting.} Kg5 59. h3) 58... a5 $2 (58... Ke5 $19 {has better winning chances. aiming for ...Ke4.} 59. Kf3 Kf5) 59. h4 $2 {[%mdl 8192]} (59. Kd3 $17 Bc5 60. Kc4) 59... Kg6 60. g4 Bf6 61. g5 Bg7 (61... Bc3 $142 62. Kf3 Kh5 63. Ke2 b6 64. Kd3 Be1 65. Kc4 Bxh4 66. g6 Kxg6 67. Kd5 Kf5 68. Kc4 Be7 69. Kd4 Bd6 70. Ke3 Bc5+ 71. Kd3 Ke5 72. Kc3 Kd5 73. Kd3 Bd6 74. Ke3 Kc5 75. Ke4 Kb4 76. Kd5 Bf8 77. Ke6 Kxb3 78. Kd5 Kxa4 79. Kc4 b5+ 80. Kd3 b4 81. Ke2 b3 82. Kd2 b2 83. Kc2 Ka3 84. Kb1 Bh6 85. Kc2 b1=Q+ $1 {[%mdl 512]} 86. Kxb1 Kb3 87. Ka1 a4 88. Kb1 a3 89. Ka1 Bg5 90. Kb1 a2+ 91. Ka1 Bf6#) 62. Kd3 Bf8 63. Kc4 {[#]} b6 $1 64. Kb5 Bc5 65. Kc4 $2 (65. b4 $17 axb4 66. Kc4) 65... Kh5 $2 (65... Bf2 {mates} 66. Kb5 Bxh4 67. Kxb6 Be1 68. Kb5 Kxg5 69. Kc4 Bb4 70. Kd3 Kf4 71. Kd4 Bf8 72. Kd3 Bd6 73. Kd4 Bb4 74. Kd5 Ke3 75. Kc4 Ke2 76. Kd5 Kd3 77. Kc6 Kc3 78. Kb6 Kxb3 79. Kb5 Ka3 80. Kc6 Kxa4 81. Kd7 Kb3 82. Ke6 a4 83. Kd5 a3 84. Ke5 a2 85. Kd5 a1=Q 86. Ke6 Qa5 87. Kf6 Qd5 88. Kg6 Be7 89. Kh7 Qf7+ 90. Kh6 Qg8 91. Kh5 Qg5#) 66. Kb5 $1 $11 Kg6 $2 {[%mdl 8192]} (66... Bd6 $11 67. Kxb6 Bb4) 67. Kc4 Bf2 {Black mates.} 68. Kb5 Bxh4 69. Kxb6 Be1 {Accuracy: White = 43%, Black = 55%.} 0-1

[Event "Norm Congress-IM 2019"]
[Site "Saint Louis"]
[Date "2019.05.20"]
[Round "8.4"]
[White "Giannatos, Peter"]
[Black "Jacobson, Aaron"]
[Result "1-0"]
[WhiteElo "2290"]
[BlackElo "2311"]
[Annotator "TA"]
[PlyCount "101"]
[EventDate "2019.05.16"]
[EventType "tourn"]
[EventCountry "USA"]
[SourceTitle "playchess.com"]
[Source "ChessBase"]
[SourceQuality "1"]

{[%evp 9,121,31,27,41,31,33,41,0,0,-8,65,54,52,49,45,56,54,36,39,43,46,46,43,27,47,41,32,30,81,93,91,89,127,108,150,124,127,121,116,115,114,114,114,84,109,103,100,110,204,102,118,76,61,39,47,53,79,34,154,145,168,162,157,146,224,235,259,269,263,238,237,189,223,180,6179,12457,6307,6641,29960,29965,5501,6251,29945,5397,29970,29971,29971,29972,29973,29974,29974,29973,29974,29973,29973,29974,29974,29975,29975,29976,29976,29977,29977,29978,29980,29981,29981,29982,29982,29983,29984,29984,29993,29994]} 1. Nf3 d5 2. g3 g6 3. Bg2 Bg7 4. d4 Nh6 5. O-O ({Predecessor:} 5. Nbd2 Nf5 6. c3 Nd6 {½-½ (35) Gonda,L (2528)-Schmidt,P (2398) Austria 2018}) 5... Nf5 $146 (5... O-O 6. Nbd2 Nf5 7. c3 Nd6 8. Re1 Bf5 9. Nh4 c6 10. Nxf5 gxf5 11. Nb3 Nd7 12. Bf4 Nf6 13. Nc5 b6 {1-0 (40) Pantsulaia,L (2587)-Short,N (2659) Abu Dhabi 2018}) 6. c3 {D02: 1 d4 d5 2 Nf3 sidelines, including 2...Nf6 3 g3 and 2...Nf6 3 Bf4} Nd6 7. Nbd2 Nd7 8. e4 {White is slightly better.} dxe4 9. Ng5 Nf6 ({Black should play} 9... e3 $11 10. fxe3 O-O) 10. Ndxe4 $14 Nfxe4 11. Nxe4 Nxe4 12. Bxe4 O-O 13. Bf4 c6 14. Qb3 Qb6 15. d5 Bd7 16. Rfe1 Rfe8 17. Rad1 {[%cal Ba1d1,Bd1d2,Bd2d7,Bd7c7][%mdl 32]} e5 18. Be3 Qc7 (18... Qxb3 $11 {remains equal.} 19. axb3 Reb8) 19. Rd2 $16 b6 20. Red1 cxd5 21. Bxd5 Be6 22. Bxe6 Rxe6 23. Rd7 Qc6 24. Qd5 Qxd5 25. R1xd5 Kf8 26. c4 Ke8 27. Bg5 {Threatening mate with Rd8+.} Kf8 28. Rc7 {Rdd7! is the strong threat.} e4 {[#]} (28... Bf6 $16) 29. b3 (29. Rdd7 $1 $18 {[%mdl 512]} Be5 30. Rxf7+ Kg8 31. Rcd7 (31. Rxh7 Bxc7 32. Rxc7 Re5 $14) (31. Rxa7 Rxa7 32. Rxa7 Bxb2 $16)) 29... Bf6 30. Bxf6 Rxf6 {[%mdl 4096] Endgame KRR-KRR} 31. Kf1 a5 32. Ke2 h5 33. Rcd7 Rc8 ({Black should try} 33... Rf3 $14) 34. R7d6 Rc6 {[#]} 35. Rxf6 $1 Rxf6 $18 {KR-KR} 36. Re5 Rf3 (36... h4 $16 {was worth a try.} 37. gxh4 (37. Rxe4 hxg3 38. fxg3 Rc6 $16) 37... Rf3) 37. Rxe4 Rf5 38. f4 Rf6 39. Re5 Rd6 40. Ke3 f6 41. Rd5 Rxd5 $2 (41... Re6+ 42. Kf3 f5) 42. cxd5 {KP-KP} Ke7 43. Kd4 Kd6 44. a4 Kd7 45. Kc4 Kd6 46. h3 g5 47. h4 {White mates.} g4 48. Kd4 f5 49. Kc4 Kd7 50. Kb5 Kc7 {[#]} 51. b4 {Played: d5-d6} 1-0